La paradoja solidarista: retos teóricos y prácticos de un movimiento obrero patronal al movimiento obrero y popular costarricense
Kaydedildi:
| Yazar: | |
|---|---|
| Müşterek Yazar: | |
| Materyal Türü: | Metin |
| Baskı/Yayın Bilgisi: |
Panamá
|
| Etiketler: |
Etiketle
Etiket eklenmemiş, İlk siz ekleyin!
|
MARC
| LEADER | 00000 a a2200000 04500 | ||
|---|---|---|---|
| 001 | 21572 | ||
| 003 | |||
| 040 | |||
| 090 | |a 095600 | ||
| 100 | |a Blanco, Gustavo | ||
| 110 | |a Universidad de Panamá | ||
| 245 | |a La paradoja solidarista: retos teóricos y prácticos de un movimiento obrero patronal al movimiento obrero y popular costarricense | ||
| 260 | |a Panamá | ||
| 300 | |a 18 p. | ||
| 999 | |c 13642 |d 13642 | ||
